| 000 | 00448 a2200133 4500 | ||
|---|---|---|---|
| 001 | 87658 | ||
| 082 | _aPR 35 | ||
| 090 |
_c41116 _d41116 |
||
| 100 | _aKamran Zia, Plt Off 15463, 70(B) EC | ||
| 245 | _aDesign and implemntation of a frequency hopping system on a software defined radio: phase V | ||
| 260 |
_aRisalpur _bCAE PAF Academy Risalpur _c2011 |
||
| 300 |
_aviii, 38p. _eSohail Ahmed, Wg Cdr, Ajmal Khan, Wg Cdr |
||
| 500 | _aBE Project Reports | ||
| 942 |
_aCAE NUST _kPR 35 |
||
| 999 |
_c322731 _d322731 |
||